[Event "Orsha blitz op"]
[Site "Orsha"]
[Date "2018.02.03"]
[Round "8"]
[White "Moskalenko, Alexander"]
[Black "Vlassow, Valentin"]
[Result "1/2-1/2"]
[WhiteElo "2525"]
[BlackElo "2344"]
[PlyCount "144"]
[EventDate "2018.02.03"]
[EventType "swiss (blitz)"]
[EventRounds "9"]
[EventCountry "BLR"]
[SourceTitle "CBM 182 Extra"]
[Source "ChessBase"]
[SourceDate "2018.02.23"]
[SourceVersion "1"]
[SourceVersionDate "2018.02.23"]
[SourceQuality "1"]

1. d4 d5 2. Bf4 Bf5 3. e3 e6 4. Bd3 Bxd3 5. cxd3 Nf6 6. Nf3 Bd6 7. Bg3 0-0 8. 0-0 c5 9. dxc5 Bxc5 10. d4 Bd6 11. Bh4 Nbd7 12. Nc3 a6 13. Qb3 Qb6 14. Qxb6 Nxb6 15. Bxf6 gxf6 16. Rfc1 Rac8 17. Ne1 Nc4 18. Nd3 b5 19. b4 Na3 20. Nc5 a5 21. Nxb5 Nxb5 22. a4 Na7 23. b5 Rfd8 24. Nb7 Rxc1+ 25. Rxc1 Rd7 26. Nxd6 Rxd6 27. Rc7 Nxb5 28. axb5 Rb6 29. Rc5 a4 30. g4 a3 31. Rc3 Rxb5 32. Rxa3 Kg7 33. Ra7 Rb2 34. Kg2 h6 35. h4 Rc2 36. Kg3 Rb2 37. Rc7 Ra2 38. Rb7 Rc2 39. Rb3 Ra2 40. Rb6 Rc2 41. Ra6 Rb2 42. Rc6 Ra2 43. Rd6 Rb2 44. f4 Re2 45. Kf3 Rh2 46. f5 Rh3+ 47. Kf4 e5+ 48. dxe5 fxe5+ 49. Kxe5 Rxe3+ 50. Kf4 Re4+ 51. Kf3 Rd4 52. h5 Rd3+ 53. Kf4 Rd4+ 54. Ke5 Rxg4 55. Rxd5 Rg5 56. Rd8 Rxh5 57. Rc8 Rg5 58. Rb8 h5 59. Kf4 Rg4+ 60. Ke5 Rg1 61. f6+ Kh7 62. Rf8 Re1+ 63. Kf5 Rf1+ 64. Kg5 Rg1+ 65. Kxh5 Rh1+ 66. Kg5 Rg1+ 67. Kh5 Rh1+ 68. Kg5 Rg1+ 69. Kf5 Rf1+ 70. Ke5 Re1+ 71. Kf5 Rf1+ 72. Kg5 Rg1+ 1/2-1/2

[Event "Orsha blitz op"]
[Site "Orsha"]
[Date "2018.02.03"]
[Round "9"]
[White "Vlassow, Valentin"]
[Black "Kramich, Alyaksej"]
[Result "1-0"]
[WhiteElo "2344"]
[BlackElo "1748"]
[PlyCount "147"]
[EventDate "2018.02.03"]
[EventType "swiss (blitz)"]
[EventRounds "9"]
[EventCountry "BLR"]
[SourceTitle "CBM 182 Extra"]
[Source "ChessBase"]
[SourceDate "2018.02.23"]
[SourceVersion "1"]
[SourceVersionDate "2018.02.23"]
[SourceQuality "1"]

1. d4 f5 2. Bf4 Nf6 3. e3 g6 4. h4 d6 5. h5 Nxh5 6. Rxh5 gxh5 7. Qxh5+ Kd7 8. Qxf5+ e6 9. Qh3 Qf6 10. Bd3 Ke7 11. Nf3 h6 12. Nc3 Nc6 13. Ne4 Qf7 14. Qh4+ Ke8 15. c3 Be7 16. Qh2 Qg7 17. 0-0-0 Bd7 18. Rh1 Bf8 19. Bg5 Ne7 20. Bf6 Qg8 21. Bxh8 Qxh8 22. Qh5+ Kd8 23. Qf7 Qg7 24. Qxg7 Bxg7 25. Ng3 Nf5 26. Nxf5 exf5 27. Nh4 Ke7 28. Bxf5 Rf8 29. Ng6+ Kf7 30. Bd3 Re8 31. Nf4 Kg8 32. Bc4+ Kh7 33. Bd3+ Kg8 34. g3 c6 35. Kc2 d5 36. c4 Bg4 37. Rh4 Bf3 38. c5 Re7 39. Bf5 Be4+ 40. Bxe4 Rxe4 41. Rh5 Kf7 42. Rf5+ Ke8 43. Kd3 Re7 44. b4 b6 45. Nh5 Bh8 46. Nf6+ Kd8 47. Ng8 Rh7 48. Rf8+ Kd7 49. Nf6+ Bxf6 50. Rxf6 bxc5 51. dxc5 h5 52. a4 h4 53. gxh4 Rxh4 54. f4 Rh1 55. Rf7+ Kc8 56. Rxa7 Rd1+ 57. Kc3 Re1 58. Kd4 Rd1+ 59. Ke5 Rb1 60. Kd6 Rxb4 61. Kxc6 Kb8 62. Re7 d4 63. exd4 Rxd4 64. f5 Rxa4 65. Kd5 Rf4 66. Ke5 Rc4 67. f6 Rxc5+ 68. Ke6 Rc6+ 69. Kf5 Rc5+ 70. Kg6 Rc6 71. Kg7 Rc1 72. f7 Rg1+ 73. Kh6 Rh1+ 74. Kg5 1-0

[Event "Sochi Doroshkevich Amateur op"]
[Site "Sochi"]
[Date "2017.12.28"]
[Round "9"]
[White "Vlassow, Valentin"]
[Black "Tolstikh, Nikolay"]
[Result "1/2-1/2"]
[WhiteElo "2223"]
[BlackElo "2312"]
[PlyCount "86"]
[EventDate "2017.12.21"]
[EventType "swiss"]
[EventRounds "9"]
[EventCountry "RUS"]
[SourceTitle "CBM 182 Extra"]
[Source "ChessBase"]
[SourceDate "2018.02.23"]
[SourceVersion "1"]
[SourceVersionDate "2018.02.23"]
[SourceQuality "1"]

1. e4 e5 2. Nf3 Nc6 3. Bc4 Bc5 4. c3 Nf6 5. d4 exd4 6. cxd4 Bb4+ 7. Bd2 Nxe4 8. Bxb4 Nxb4 9. Bxf7+ Kxf7 10. Qb3+ Kf8 11. Qxb4+ Qe7 12. Qxe7+ Kxe7 13. Nc3 Nf6 14. Kd2 d6 15. Rhe1+ Kd8 16. Ng5 Rf8 17. f3 h6 18. Ne6+ Bxe6 19. Rxe6 Kd7 20. Rae1 Rf7 21. f4 Rg8 22. g3 c6 23. Kd3 d5 24. b4 Re8 25. f5 Rfe7 26. Rxe7+ Rxe7 27. Rxe7+ Kxe7 28. Ke2 b6 29. h3 Kd6 30. g4 a5 31. bxa5 bxa5 32. Na4 Ne4 33. Ke3 c5 34. Nxc5 Nxc5 35. dxc5+ Kxc5 36. Kd3 d4 37. h4 Kd5 38. g5 hxg5 39. hxg5 Ke5 40. f6 gxf6 41. g6 Ke6 42. Kxd4 a4 43. Ke4 f5+ 1/2-1/2

[Event "Sochi Doroshkevich Amateur op"]
[Site "Sochi"]
[Date "2017.12.27"]
[Round "8"]
[White "Vlassow, Valentin"]
[Black "Oganyan, Arsen"]
[Result "1-0"]
[WhiteElo "2223"]
[BlackElo "2282"]
[PlyCount "123"]
[EventDate "2017.12.21"]
[EventType "swiss"]
[EventRounds "9"]
[EventCountry "RUS"]
[SourceTitle "CBM 182 Extra"]
[Source "ChessBase"]
[SourceDate "2018.02.23"]
[SourceVersion "1"]
[SourceVersionDate "2018.02.23"]
[SourceQuality "1"]

1. e4 c5 2. Nf3 d6 3. d4 cxd4 4. Qxd4 Nc6 5. Bb5 Bd7 6. Bxc6 Bxc6 7. Nc3 e5 8. Qd3 h6 9. 0-0 Nf6 10. b3 Be7 11. a4 Rc8 12. Ba3 0-0 13. Rad1 Qc7 14. Rfe1 Rfd8 15. Qe3 a6 16. h3 Bf8 17. Bb2 b5 18. axb5 axb5 19. b4 Bd7 20. Rd3 Qc4 21. Ba3 Ra8 22. Nd2 Qc6 23. Bb2 Be6 24. Rd1 Nh5 25. Nb3 Nf4 26. Na5 Rxa5 27. bxa5 Nxd3 28. Qxd3 Bc4 29. Qd2 f5 30. exf5 d5 31. Ne4 Re8 32. Ng3 Bc5 33. Re1 Qd6 34. Kh1 b4 35. f4 e4 36. Bd4 Bxd4 37. Qxd4 Qxf4 38. Re3 Qe5 39. Qc5 Qf4 40. a6 Bxa6 41. Qxd5+ Kh8 42. Qd4 Bb7 43. Nh5 Qe5 44. Qxb4 Qxf5 45. Nxg7 Qf8 46. Qb5 Re7 47. Nf5 Rf7 48. Ng3 Rg7 49. Nh5 Rg5 50. Qb2+ Kg8 51. Nf6+ Kf7 52. Nh7 Qe7 53. Nxg5+ hxg5 54. Qh8 Ke6 55. Qh6+ Kd5 56. Qb6 g4 57. c3 Ke5 58. Qh6 gxh3 59. Rxh3 Kd5 60. Qb6 Ke5 61. Rh5+ Kf4 62. Qf2+ 1-0

[Event "Sochi Doroshkevich Amateur op"]
[Site "Sochi"]
[Date "2017.12.26"]
[Round "7"]
[White "Filipenko, Alexander V"]
[Black "Vlassow, Valentin"]
[Result "1/2-1/2"]
[WhiteElo "2291"]
[BlackElo "2223"]
[PlyCount "73"]
[EventDate "2017.12.21"]
[EventType "swiss"]
[EventRounds "9"]
[EventCountry "RUS"]
[SourceTitle "CBM 182 Extra"]
[Source "ChessBase"]
[SourceDate "2018.02.23"]
[SourceVersion "1"]
[SourceVersionDate "2018.02.23"]
[SourceQuality "1"]

1. e4 Nf6 2. e5 Nd5 3. d4 d6 4. c4 Nb6 5. exd6 exd6 6. Nc3 Be7 7. Nf3 0-0 8. Be2 Bg4 9. 0-0 Nc6 10. b3 Bf6 11. Be3 d5 12. c5 Nc8 13. h3 Bf5 14. Rc1 h6 15. Qd2 N8e7 16. g4 Be4 17. Ne1 Bh4 18. f3 Bxe1 19. Rcxe1 Bg6 20. Bf4 Qd7 21. Bb5 a6 22. Ba4 Rae8 23. Rf2 b5 24. cxb6 cxb6 25. Bxc6 Nxc6 26. Rfe2 Rxe2 27. Rxe2 b5 28. a3 b4 29. axb4 Nxb4 30. Na4 Nd3 31. Nc5 Qb5 32. Nxd3 Bxd3 33. Re3 Bg6 34. Bd6 Rc8 35. Bc5 Qb8 36. Kg2 h5 37. b4 1/2-1/2

[Event "Sochi Doroshkevich Amateur op"]
[Site "Sochi"]
[Date "2017.12.25"]
[Round "5"]
[White "Potapova, Margarita"]
[Black "Vlassow, Valentin"]
[Result "1/2-1/2"]
[WhiteElo "2163"]
[BlackElo "2223"]
[PlyCount "68"]
[EventDate "2017.12.21"]
[EventType "swiss"]
[EventRounds "9"]
[EventCountry "RUS"]
[SourceTitle "CBM 182 Extra"]
[Source "ChessBase"]
[SourceDate "2018.02.23"]
[SourceVersion "1"]
[SourceVersionDate "2018.02.23"]
[SourceQuality "1"]

1. d4 g6 2. e4 Bg7 3. Nc3 c5 4. d5 d6 5. Bb5+ Nd7 6. a4 Ngf6 7. Nf3 0-0 8. 0-0 a6 9. Be2 b6 10. Nd2 Bb7 11. Re1 Ne8 12. Nc4 Nc7 13. Na3 Nf6 14. Bf1 e6 15. dxe6 Nxe6 16. Nc4 Nd4 17. Bf4 d5 18. exd5 b5 19. Nd6 Bxd5 20. Nxd5 Nxd5 21. Bg3 b4 22. a5 Nc7 23. Bc4 Ncb5 24. Ne4 Nf5 25. Nxc5 Bxb2 26. Qxd8 Rfxd8 27. Rad1 Rdc8 28. Bd5 Ra7 29. Na4 Bc3 30. Nb6 Rd8 31. Re4 Kg7 32. Bf4 Na3 33. Rc1 Bb2 34. Rf1 Bc3 1/2-1/2

[Event "EU-ch rapid"]
[Site "Minsk"]
[Date "2015.12.19"]
[Round "3"]
[White "Vlassow, Valentin"]
[Black "Vorontsov, Pavlo"]
[Result "1/2-1/2"]
[WhiteElo "2262"]
[BlackElo "2395"]
[PlyCount "96"]
[EventDate "2015.12.19"]
[EventType "swiss (rapid)"]
[EventRounds "11"]
[EventCountry "BLR"]
[SourceTitle "EXT 2017"]
[Source "ChessBase"]
[SourceDate "2016.10.25"]
[SourceVersion "1"]
[SourceVersionDate "2016.10.25"]
[SourceQuality "1"]

1. d4 Nf6 2. Bg5 d5 3. Bxf6 exf6 4. e3 Bd6 5. c4 dxc4 6. Bxc4 0-0 7. Nf3 Nd7 8. Nc3 c6 9. 0-0 Qe7 10. Bd3 g6 11. e4 Bc7 12. Re1 Nb6 13. h3 Rd8 14. Rc1 Bf4 15. Rc2 Be6 16. Qe2 a5 17. g3 Bh6 18. Kg2 Qd7 19. Rh1 a4 20. d5 cxd5 21. Bb5 Qe7 22. Nd4 dxe4 23. Nxe6 Qxe6 24. Qxe4 Qxe4+ 25. Nxe4 f5 26. Nf6+ Kg7 27. Ne8+ Rxe8 28. Bxe8 Rxe8 29. Rd1 f4 30. Rd6 Nc8 31. Rd7 Re7 32. Rxe7 Nxe7 33. Rc7 Nd5 34. Rxb7 fxg3 35. fxg3 Bc1 36. Kf3 h5 37. Rb5 Ne7 38. Rb4 Nf5 39. g4 hxg4+ 40. hxg4 Nh4+ 41. Ke2 f5 42. gxf5 Nxf5 43. Kd1 Be3 44. Rxa4 g5 45. Ke2 Bf4 46. Rxf4 gxf4 47. Kf3 Kf6 48. Kxf4 Nd6 1/2-1/2

[Event "Moscow op-C"]
[Site "Moscow"]
[Date "2015.02.06"]
[Round "7"]
[White "Pavlov, Oleg Yuryevich"]
[Black "Vlassow, Valentin"]
[Result "0-1"]
[WhiteElo "2193"]
[BlackElo "2284"]
[PlyCount "68"]
[EventDate "2015.01.31"]
[EventType "swiss"]
[EventRounds "9"]
[EventCountry "RUS"]
[SourceTitle "CBM 164 Extra"]
[Source "ChessBase"]
[SourceDate "2015.03.02"]
[SourceVersion "1"]
[SourceVersionDate "2015.03.02"]
[SourceQuality "1"]

1. d4 d5 2. Nf3 Nf6 3. c4 dxc4 4. e3 Bg4 5. Bxc4 e6 6. h3 Bh5 7. Nc3 Nc6 8. g4 Bg6 9. Bb5 Bd6 10. Qa4 0-0 11. Bxc6 bxc6 12. Qxc6 Rb8 13. Ne5 Bxe5 14. dxe5 Nd7 15. f4 Qh4+ 16. Ke2 Rfd8 17. Rd1 Qxh3 18. Qf3 Qh4 19. Rh1 Bd3+ 20. Kxd3 Nxe5+ 21. Ke2 Nxf3 22. Rxh4 Nxh4 23. b3 Rd7 24. Kf2 Rd3 25. Ne4 Rd1 26. Bb2 Rbd8 27. Rxd1 Rxd1 28. Bd4 a6 29. a4 f5 30. Nc5 fxg4 31. Nxa6 Nf5 32. Nc5 g3+ 33. Kg2 Rd2+ 34. Kg1 Nh4 0-1

[Event "Moscow op-C"]
[Site "Moscow"]
[Date "2015.02.01"]
[Round "2"]
[White "Vlassow, Valentin"]
[Black "Vladimirov, Aleksandr"]
[Result "1-0"]
[WhiteElo "2284"]
[BlackElo "2074"]
[PlyCount "84"]
[EventDate "2015.01.31"]
[EventType "swiss"]
[EventRounds "9"]
[EventCountry "RUS"]
[SourceTitle "CBM 164 Extra"]
[Source "ChessBase"]
[SourceDate "2015.03.02"]
[SourceVersion "1"]
[SourceVersionDate "2015.03.02"]
[SourceQuality "1"]

1. Nf3 c5 2. b3 d5 3. Bb2 Nc6 4. e3 Bg4 5. Bb5 Qb6 6. Bxc6+ Qxc6 7. d3 Nf6 8. Nbd2 e6 9. h3 Bxf3 10. Nxf3 Be7 11. Ne5 Qc7 12. Ng4 Qa5+ 13. Qd2 Qxd2+ 14. Kxd2 Nxg4 15. hxg4 f6 16. g5 Kf7 17. gxf6 Bxf6 18. Bxf6 Kxf6 19. Rh5 h6 20. Rah1 Rhd8 21. g4 c4 22. bxc4 dxc4 23. d4 Rd5 24. Kc3 b5 25. e4 Rg5 26. f3 a5 27. a3 Rd8 28. Rb1 Rxh5 29. gxh5 Rb8 30. f4 g6 31. hxg6 Kxg6 32. Rg1+ Kf6 33. f5 Re8 34. Rg6+ Kf7 35. Rxh6 exf5 36. e5 Re6 37. Rh7+ Kg6 38. Rb7 f4 39. Rxb5 f3 40. Kd2 Kf5 41. Ke3 f2 42. Rb1 Rf6 1-0

[Event "Moscow op-C"]
[Site "Moscow"]
[Date "2015.01.31"]
[Round "1"]
[White "Ivanov, Daniil"]
[Black "Vlassow, Valentin"]
[Result "0-1"]
[WhiteElo "1925"]
[BlackElo "2284"]
[PlyCount "85"]
[EventDate "2015.01.31"]
[EventType "swiss"]
[EventRounds "9"]
[EventCountry "RUS"]
[SourceTitle "CBM 164 Extra"]
[Source "ChessBase"]
[SourceDate "2015.03.02"]
[SourceVersion "1"]
[SourceVersionDate "2015.03.02"]
[SourceQuality "1"]

1. e4 g6 2. d4 Bg7 3. Nf3 c5 4. d5 d6 5. Nc3 Nf6 6. Bb5+ Nbd7 7. Be2 0-0 8. 0-0 b6 9. Bf4 a6 10. a4 Rb8 11. Nd2 Bb7 12. Re1 Ne8 13. Nc4 f5 14. Bg3 Bxc3 15. bxc3 fxe4 16. Bg4 Ndf6 17. Be6+ Kg7 18. Bh4 Nc7 19. Bxf6+ Rxf6 20. Rxe4 Rxe6 21. Rxe6 Bxd5 22. Re3 Bxc4 23. Qg4 Bf7 24. Rae1 e5 25. Rd3 Qe7 26. f3 Be6 27. Qg3 Nd5 28. Rxe5 Nf6 29. Re1 Ne8 30. Rde3 Nc7 31. f4 Rf8 32. Qf3 Qf7 33. Qc6 Kh6 34. Qxd6 Qxf4 35. Qxf4+ Rxf4 36. Rxe6 Nxe6 37. Rxe6 Rxa4 38. Rxb6 Ra1+ 39. Kf2 Ra2 40. Kf3 Rxc2 41. Rxa6 Rxc3+ 42. Ke4 Rc2 43. Re6 0-1

[Event "Moscow Aeroflot rapid op qual"]
[Site "Moscow"]
[Date "2013.02.12"]
[Round "1"]
[White "Tkachiev, Vladislav"]
[Black "Vlassow, Valentin"]
[Result "1-0"]
[WhiteElo "2650"]
[BlackElo "2321"]
[PlyCount "77"]
[EventDate "2013.02.12"]
[EventType "swiss (rapid)"]
[EventRounds "9"]
[EventCountry "RUS"]
[SourceTitle "CBM 152 Extra"]
[Source "ChessBase"]
[SourceDate "2013.02.25"]
[SourceVersion "1"]
[SourceVersionDate "2013.02.25"]
[SourceQuality "1"]

1. d4 d5 2. c4 dxc4 3. e3 e5 4. Bxc4 exd4 5. exd4 Nf6 6. Nf3 Bd6 7. 0-0 0-0 8. h3 h6 9. Nc3 Nc6 10. Qc2 Nb4 11. Qb1 Be6 12. Bxe6 fxe6 13. Bd2 Qe8 14. Re1 Qf7 15. Ne4 Nxe4 16. Qxe4 Rae8 17. Bxb4 Bxb4 18. Re3 c6 19. d5 Bc5 20. dxe6 Qf6 21. Re2 Re7 22. Rae1 Rd8 23. Qc4 Bb6 24. b4 a6 25. Re5 Bc7 26. R5e3 Rd5 27. a4 Bb6 28. R3e2 Kh8 29. Re5 Rxe5 30. Rxe5 Bc7 31. Re1 Bb6 32. Qe2 Kg8 33. g3 Qc3 34. Qe4 Qb2 35. Re2 Qa1+ 36. Kg2 Qxa4 37. Nh4 Qd1 38. Nf5 Re8 39. Nxh6+ 1-0